10 Best Selling Nintendo DS Games - Statistics

General Stats
  • This quiz has been taken 102 times
  • The average score is 6 of 10
Answer Stats
Sales Game % Correct
30.8m New Super Mario Bros.
91%
23.6m Mario Kart DS
89%
15.6m Pokemon Black/White
66%
24m Nintendogs
62%
17.7m Pokemon Diamond/Pearl
62%
11.1m Super Mario 64 DS
49%
12.7m Pokemon HeartGold/SoulSilver
47%
11.8m Animal Crossing: Wild World
40%
19m Brain Age
33%
14.9m Brain Age 2
12%
No matching quizzes found
Score Distribution
Percent of People with Each Score
Percentile by Number Answered
Your Score History
You have not taken this quiz